[Event "ODJM A 2016"]
[Site "Willingen GER"]
[Date "2016.05.20"]
[Round "8"]
[White "Wenninger, Philipp"]
[Black "Meißner, Felix"]
[Result "1/2-1/2"]
[Termination "normal"]
[Board "1"]
[BlackTitle "FM"]
[WhiteElo "2352"]
[BlackElo "2287"]
[WhiteClock "00:24:01"]
[BlackClock "00:47:40"]
[PlyCount "41"]
[WhiteFideId "4648404"]
[BlackFideId "24671827"]
[EventCountry "GER"]
[EventRounds "9"]
[EventType "swiss"]
[EventDate "2016.05.14"]

1. d4 g6 2. c4 Bg7 3. Nc3 d6 4. e4 Nc6 5. Be3 e5 6. Nge2 exd4 7. Nxd4 Nge7 8.
Be2 O-O 9. O-O f5 10. exf5 Nxf5 11. Nxf5 Bxf5 12. Qd2 Qd7 13. Rad1 Rad8 14. Nd5
Kh8 15. b4 a6 16. Rfe1 Ne5 17. Bd4 Qf7 18. f4 Nc6 19. Bxg7+ Qxg7 20. b5 axb5
21. cxb5 1/2-1/2

[Event "ODJM A 2016"]
[Site "Willingen GER"]
[Date "2016.05.20"]
[Round "8"]
[White "Syrov, Arkadi"]
[Black "Xu, Xianliang"]
[Result "0-1"]
[Termination "normal"]
[Board "2"]
[BlackTitle "FM"]
[WhiteElo "2114"]
[BlackElo "2273"]
[WhiteClock "00:05:12"]
[BlackClock "00:29:51"]
[PlyCount "96"]
[WhiteFideId "12942448"]
[BlackFideId "4603230"]
[EventCountry "GER"]
[EventRounds "9"]
[EventType "swiss"]
[EventDate "2016.05.14"]

1. e4 c5 2. g3 Nc6 3. Bg2 g6 4. d3 Bg7 5. f4 d6 6. Nf3 e6 7. O-O Nge7 8. c3 O-O
9. Be3 b6 10. d4 cxd4 11. cxd4 d5 12. e5 Ba6 13. Re1 Rc8 14. Bf1 Bxf1 15. Rxf1
Qd7 16. Bf2 Na5 17. Nc3 Rc7 18. Qe2 Rfc8 19. Rfc1 b5 20. Be3 b4 21. Nd1 Nc4 22.
b3 Na3 23. Rxc7 Rxc7 24. Rc1 h5 25. Qd2 Rxc1 26. Qxc1 Qb5 27. Ng5 Bf8 28. Bf2
Qe2 29. Ne3 Nb5 30. Qd1 Nc3 31. Qxe2 Nxe2+ 32. Kg2 Nc1 33. Be1 Nxa2 34. Bd2 Nc6
35. Nc2 a5 36. Nf3 a4 37. Na1 Na5 38. Ne1 axb3 39. Nd3 b2 40. Nxb2 Nc4 41. Nxc4
dxc4 42. Bxb4 Nxb4 43. Kf3 Nd5 44. h3 f5 45. exf6 Kf7 46. g4 Kxf6 47. Nc2 Bd6
48. g5+ Ke7 0-1

[Event "ODJM A 2016"]
[Site "Willingen GER"]
[Date "2016.05.20"]
[Round "8"]
[White "Meyer, Henrik"]
[Black "Hebbering, Tom Elliot"]
[Result "1/2-1/2"]
[Termination "normal"]
[Board "3"]
[WhiteElo "2068"]
[BlackElo "2189"]
[WhiteClock "00:22:32"]
[BlackClock "00:16:10"]
[PlyCount "96"]
[WhiteFideId "12958182"]
[BlackFideId "12901750"]
[EventCountry "GER"]
[EventRounds "9"]
[EventType "swiss"]
[EventDate "2016.05.14"]

1. e4 c5 2. Nf3 e6 3. b3 Nc6 4. Bb2 d6 5. g3 e5 6. Bg2 Nf6 7. d3 g6 8. O-O Bg7
9. h3 O-O 10. c3 d5 11. Qe2 Re8 12. Nbd2 h6 13. Kh2 Be6 14. Rfd1 Qc7 15. Rac1
Rad8 16. b4 dxe4 17. dxe4 cxb4 18. cxb4 Qb6 19. a3 a5 20. b5 Nd4 21. Nxd4 exd4
22. Qd3 Nd7 23. a4 Nc5 24. Qa3 Bf8 25. Qa1 Nd3 26. Nc4 Bxc4 27. Rxc4 Nxb2 28.
Qxb2 d3 29. f4 Bb4 30. e5 d2 31. Qb3 Rc8 32. Rxb4 axb4 33. Qxb4 Rc1 34. Qxd2
Rxd1 35. Qxd1 Rd8 36. Qf3 Rd4 37. Qxb7 Qxb7 38. Bxb7 Rxa4 39. Kg2 Rb4 40. Bc6
Rb3 41. g4 Kf8 42. h4 Ke7 43. Kf2 Ke6 44. Kg2 g5 45. fxg5 hxg5 46. hxg5 Kxe5
47. Be8 Ke6 48. g6 fxg6 1/2-1/2

[Event "ODJM A 2016"]
[Site "Willingen GER"]
[Date "2016.05.20"]
[Round "8"]
[White "Greßmann, Moritz"]
[Black "Quante, Lennart"]
[Result "1-0"]
[Termination "normal"]
[Board "4"]
[WhiteElo "2206"]
[BlackElo "2062"]
[WhiteClock "00:24:22"]
[BlackClock "00:15:19"]
[PlyCount "55"]
[WhiteFideId "24695084"]
[BlackFideId "12979627"]
[EventCountry "GER"]
[EventRounds "9"]
[EventType "swiss"]
[EventDate "2016.05.14"]

1. Nf3 Nf6 2. c4 g6 3. Nc3 d5 4. cxd5 Nxd5 5. e4 Nxc3 6. bxc3 Bg7 7. Bc4 O-O 8.
O-O c5 9. Rb1 Nc6 10. h3 Qc7 11. Qe2 Na5 12. Ba3 b6 13. Bd5 Rb8 14. e5 Rd8 15.
Be4 Nc6 16. Bxc6 Qxc6 17. d4 cxd4 18. cxd4 Bf8 19. Rfc1 Qa4 20. Qe3 Bf5 21. Rb4
Qd7 22. Rbc4 Rbc8 23. Rxc8 Rxc8 24. Rxc8 Qxc8 25. d5 Qb7 26. d6 exd6 27. exd6
Qd5 28. Qe8 1-0

[Event "ODJM A 2016"]
[Site "Willingen GER"]
[Date "2016.05.20"]
[Round "8"]
[White "Terhuven, Patrick"]
[Black "Holtel, Jasper"]
[Result "1/2-1/2"]
[Termination "normal"]
[Board "5"]
[BlackTitle "FM"]
[WhiteElo "2125"]
[BlackElo "2269"]
[WhiteClock "00:43:19"]
[BlackClock "00:13:39"]
[PlyCount "120"]
[WhiteFideId "12919098"]
[BlackFideId "12956376"]
[EventCountry "GER"]
[EventRounds "9"]
[EventType "swiss"]
[EventDate "2016.05.14"]

1. Nf3 Nf6 2. c4 g6 3. Nc3 d5 4. cxd5 Nxd5 5. e4 Nxc3 6. dxc3 Qxd1+ 7. Kxd1 Bg7
8. Be3 O-O 9. Kc2 b6 10. Nd2 Bb7 11. f3 c5 12. Be2 Nc6 13. Rhd1 Rac8 14. Bf2
Ne5 15. Bg3 Rfd8 16. Nf1 Bc6 17. Rxd8+ Rxd8 18. Rd1 Rxd1 19. Kxd1 Kf8 20. Kc2
Ke8 21. Nd2 Ba4+ 22. b3 Bd7 23. a4 Be6 24. Nc4 Nxc4 25. Bxc4 Bxc4 26. bxc4 Kd7
27. Bb8 Kc8 28. Bg3 Kb7 29. Kb3 h5 30. Bf4 Bf6 31. h3 Bh4 32. Kc2 Be1 33. Kd3
Bh4 34. Kc2 e6 35. Kd3 Be7 36. Kc2 Kc6 37. Kd3 f6 38. Be3 Bd6 39. Bd2 Be5 40.
Be3 Bg3 41. Bd2 Kc7 42. Kc2 Kd6 43. Kd3 Ke5 44. Be3 Bf4 45. Bf2 Kd6 46. g4 hxg4
47. hxg4 Bh2 48. Be3 Bg3 49. Bd2 g5 50. Be3 Ke5 51. Bd2 Bf4 52. Be1 Kd6 53. Bf2
Kc6 54. Be1 Kb7 55. Kc2 Ka6 56. Kb2 Ka5 57. Kb3 Be3 58. Ka3 e5 59. Kb3 Bc1 60.
Bg3 Be3 1/2-1/2

[Event "ODJM A 2016"]
[Site "Willingen GER"]
[Date "2016.05.20"]
[Round "8"]
[White "Böhning, Kilian"]
[Black "Visvikis, Christos"]
[Result "1-0"]
[Termination "normal"]
[Board "6"]
[WhiteElo "2229"]
[BlackElo "1894"]
[WhiteClock "00:50:33"]
[BlackClock "00:06:38"]
[PlyCount "61"]
[WhiteFideId "1270499"]
[BlackFideId "12967955"]
[EventCountry "GER"]
[EventRounds "9"]
[EventType "swiss"]
[EventDate "2016.05.14"]

1. e4 c5 2. a3 e6 3. Nf3 Nc6 4. Nc3 g6 5. Bb5 Nd4 6. Nxd4 cxd4 7. Ne2 Bg7 8.
O-O Ne7 9. c3 a6 10. Ba4 b5 11. Bc2 dxc3 12. bxc3 d5 13. Rb1 Bb7 14. f3 O-O 15.
a4 Qb6+ 16. Kh1 dxe4 17. Bxe4 Bxe4 18. fxe4 Qc6 19. Qc2 Rfb8 20. Ba3 Nc8 21. a5
Qc7 22. Qb3 Qxa5 23. Rxf7 Nd6 24. Rxg7+ Kxg7 25. Bxd6 Re8 26. Nd4 Qa4 27. Nxe6+
Kh6 28. Bf4+ g5 29. Qd5 Rg8 30. Bxg5+ Kh5 31. Be7+ 1-0

[Event "ODJM A 2016"]
[Site "Willingen GER"]
[Date "2016.05.20"]
[Round "8"]
[White "Diller, Daniel"]
[Black "Balazs, Balint"]
[Result "0-1"]
[Termination "normal"]
[Board "7"]
[WhiteElo "1903"]
[BlackElo "2145"]
[WhiteClock "00:05:03"]
[BlackClock "00:25:07"]
[PlyCount "100"]
[WhiteFideId "12908983"]
[BlackFideId "12922757"]
[EventCountry "GER"]
[EventRounds "9"]
[EventType "swiss"]
[EventDate "2016.05.14"]

1. c4 e5 2. g3 d6 3. Bg2 Nc6 4. Nc3 Be6 5. d3 Qd7 6. Nd5 Nd8 7. e4 c6 8. Ne3
Nf6 9. d4 exd4 10. Qxd4 b5 11. cxb5 Rb8 12. Ne2 cxb5 13. Nd5 Ng4 14. O-O Nc6
15. Qd1 h5 16. Nef4 Be7 17. b3 Bf6 18. Nxf6+ Nxf6 19. Bb2 h4 20. Bxf6 gxf6 21.
Qd2 Ne5 22. Nd5 Bxd5 23. exd5 Qf5 24. Rae1 Kf8 25. f4 Ng6 26. Qb4 Rc8 27. Rc1
Kg7 28. Qe4 Qd7 29. Rc6 hxg3 30. hxg3 a5 31. Rfc1 Qa7+ 32. Kf1 Rce8 33. Qf3 Qd4
34. R6c2 Re3 35. Qf2 Qd3+ 36. Kg1 Rhe8 37. Rd2 Qf5 38. Bf3 Qh3 39. Re2 Rxf3 40.
Qxf3 Rxe2 41. Qxe2 Qxg3+ 42. Kh1 Nxf4 43. Qd2 Qf3+ 44. Kh2 Ne2 45. Rg1+ Nxg1
46. Kxg1 b4 47. Qd4 Kg6 48. Qc4 f5 49. Qb5 f4 50. a4 bxa3 0-1

[Event "ODJM A 2016"]
[Site "Willingen GER"]
[Date "2016.05.20"]
[Round "8"]
[White "Küppers, Timo"]
[Black "Müller, Max"]
[Result "1-0"]
[Termination "normal"]
[Board "8"]
[WhiteElo "1894"]
[BlackElo "1960"]
[WhiteClock "00:24:14"]
[BlackClock "00:30:35"]
[PlyCount "83"]
[WhiteFideId "16205820"]
[BlackFideId "12900486"]
[EventCountry "GER"]
[EventRounds "9"]
[EventType "swiss"]
[EventDate "2016.05.14"]

1. c4 Nf6 2. Nc3 d5 3. cxd5 Nxd5 4. g3 g6 5. Bg2 Nb6 6. Nf3 Bg7 7. O-O O-O 8.
d3 c6 9. Qc2 a5 10. Rd1 Na6 11. Bg5 Be6 12. Qd2 Nd5 13. Bh6 Qd6 14. Bxg7 Kxg7
15. Ng5 Nac7 16. e4 Nxc3 17. bxc3 f6 18. Nxe6+ Nxe6 19. d4 Rfd8 20. Qe2 Nc7 21.
a4 e5 22. Rd2 Ne6 23. Rad1 exd4 24. cxd4 Rac8 25. f4 Qb4 26. d5 cxd5 27. exd5
Nf8 28. d6 Rd7 29. Bh3 Qc5+ 30. Kh1 f5 31. Rd5 Qc3 32. Bg2 Kf7 33. Re5 Qb4 34.
Bd5+ Kg7 35. Re7+ Kh6 36. Qe5 Qc3 37. g4 Qxe5 38. g5+ Kh5 39. fxe5 Kxg5 40.
Bxb7 Rcd8 41. Rg1+ Kf4 42. Bc6 1-0

[Event "ODJM A 2016"]
[Site "Willingen GER"]
[Date "2016.05.20"]
[Round "8"]
[White "Pluska, Alexander"]
[Black "Wachinger, David"]
[Result "1-0"]
[Termination "normal"]
[Board "9"]
[WhiteElo "2158"]
[BlackElo "1944"]
[PlyCount "99"]
[WhiteFideId "12975141"]
[BlackFideId "24692689"]
[EventCountry "GER"]
[EventRounds "9"]
[EventType "swiss"]
[EventDate "2016.05.14"]

1. e4 c5 2. d4 cxd4 3. c3 Nf6 4. e5 Nd5 5. Nf3 Nc6 6. cxd4 d6 7. exd6 Qxd6 8.
Nc3 Nxc3 9. bxc3 a6 10. a4 Bg4 11. Be2 Qc7 12. Ba3 g6 13. O-O Bg7 14. h3 Bf5
15. g4 Bd7 16. d5 Ne5 17. Rc1 h5 18. d6 Qc8 19. Nxe5 Bxe5 20. Qd5 Bg7 21. Rfe1
e6 22. Bd3 hxg4 23. Qg5 Qd8 24. Qxd8+ Rxd8 25. hxg4 Bc6 26. Be4 Bf8 27. Bxc6+
bxc6 28. Red1 Rb8 29. Rb1 Rxb1 30. Rxb1 Bg7 31. Rb8+ Kd7 32. Rb7+ Kc8 33. Rc7+
Kd8 34. Rxc6 Be5 35. Rxa6 Bxc3 36. Ra7 Rh4 37. Ra8+ Kd7 38. f3 f5 39. gxf5 exf5
40. Kg2 Bb4 41. Bxb4 Rxb4 42. a5 Kxd6 43. Ra6+ Ke7 44. Rxg6 Ra4 45. a6 Kf7 46.
Rb6 Ke7 47. Kf2 Ra3 48. Ke2 Kd7 49. Rh6 Ke7 50. a7 1-0

[Event "ODJM A 2016"]
[Site "Willingen GER"]
[Date "2016.05.20"]
[Round "8"]
[White "Ramien, David"]
[Black "Borchert, Louis"]
[Result "1/2-1/2"]
[Termination "normal"]
[Board "10"]
[WhiteElo "2107"]
[BlackElo "1774"]
[PlyCount "54"]
[WhiteFideId "12948241"]
[BlackFideId "12990680"]
[EventCountry "GER"]
[EventRounds "9"]
[EventType "swiss"]
[EventDate "2016.05.14"]

1. Nf3 d5 2. g3 Nf6 3. Bg2 Nbd7 4. c4 e6 5. O-O Be7 6. Nc3 O-O 7. d4 b6 8. Ne5
Bb7 9. f4 c5 10. e3 Rb8 11. Qe2 Qc8 12. cxd5 Nxd5 13. Nxd5 Bxd5 14. e4 Bb7 15.
d5 Bf6 16. Nc4 Bd4+ 17. Kh1 exd5 18. exd5 Nf6 19. Nd6 Qd7 20. Nxb7 Qxb7 21. f5
Rbd8 22. Bg5 Rfe8 23. Qb5 Qd7 24. Qxd7 Rxd7 25. Rae1 Kf8 26. Bxf6 Bxf6 27. b3
Bd4 1/2-1/2

[Event "ODJM A 2016"]
[Site "Willingen GER"]
[Date "2016.05.20"]
[Round "8"]
[White "Reuker, Jari"]
[Black "Dette, Jan"]
[Result "1/2-1/2"]
[Termination "normal"]
[Board "11"]
[WhiteElo "2081"]
[BlackElo "2023"]
[PlyCount "57"]
[WhiteFideId "12909300"]
[BlackFideId "12936677"]
[EventCountry "GER"]
[EventRounds "9"]
[EventType "swiss"]
[EventDate "2016.05.14"]

1. e4 Nc6 2. Nf3 f5 3. exf5 d5 4. Bb5 Bxf5 5. Ne5 Qd6 6. d4 Nf6 7. O-O Nd7 8.
Bf4 Ncxe5 9. Bxe5 Qg6 10. Bxd7+ Kxd7 11. Nd2 e6 12. c4 dxc4 13. Nxc4 Be4 14.
Bg3 Bd6 15. Rc1 Rhd8 16. Qd2 Bc6 17. Qe3 Qe4 18. Qxe4 Bxe4 19. Ne5+ Bxe5 20.
Bxe5 c6 21. Rc3 g6 22. Re1 Bd5 23. a4 a5 24. Rb3 h5 25. g4 Rg8 26. g5 Rgf8 27.
Rc1 Rf3 28. Rxf3 Bxf3 29. h4 1/2-1/2

[Event "ODJM A 2016"]
[Site "Willingen GER"]
[Date "2016.05.20"]
[Round "8"]
[White "Ciolek, Andreas"]
[Black "Stemmler, Fabian"]
[Result "1-0"]
[Termination "normal"]
[Board "12"]
[WhiteElo "2102"]
[BlackElo "1935"]
[PlyCount "81"]
[WhiteFideId "12906727"]
[BlackFideId "12964808"]
[EventCountry "GER"]
[EventRounds "9"]
[EventType "swiss"]
[EventDate "2016.05.14"]

1. Nf3 f5 2. g3 Nf6 3. Bg2 d6 4. O-O e5 5. d3 Be7 6. c4 O-O 7. Nc3 Qe8 8. Ne1
c6 9. f4 Qh5 10. e3 Qxd1 11. Nxd1 a5 12. Nc3 Be6 13. b3 Nbd7 14. Nf3 h6 15. Ba3
Kf7 16. Rae1 e4 17. dxe4 Nxe4 18. Nxe4 fxe4 19. f5 Bxc4 20. bxc4 exf3 21. Bxf3
Ne5 22. Bh5+ Kg8 23. Rc1 Rfd8 24. Rfd1 b6 25. Kg2 Ra7 26. Be2 Rad7 27. Rb1 Rb7
28. Bb2 Bg5 29. h4 Be7 30. Rd2 Rdb8 31. Bd4 c5 32. Bc3 Nd7 33. Rbd1 Ne5 34. Kh3
Kf8 35. g4 Kf7 36. Rd5 Kf6 37. Kg3 Rc8 38. Kf4 g5+ 39. hxg5+ hxg5+ 40. Ke4 Rh8
41. Rxd6+ 1-0

[Event "ODJM A 2016"]
[Site "Willingen GER"]
[Date "2016.05.20"]
[Round "8"]
[White "Marx, Joschka"]
[Black "Behringer, Tom"]
[Result "1/2-1/2"]
[Termination "normal"]
[Board "13"]
[WhiteElo "2039"]
[BlackElo "1774"]
[PlyCount "48"]
[WhiteFideId "24645869"]
[BlackFideId "16203496"]
[EventCountry "GER"]
[EventRounds "9"]
[EventType "swiss"]
[EventDate "2016.05.14"]

1. e4 e6 2. d3 d5 3. Nd2 c5 4. Ngf3 Nc6 5. g3 Bd6 6. Bg2 Nge7 7. O-O O-O 8. Re1
Qc7 9. Nf1 b6 10. Qe2 f6 11. Ne3 Bd7 12. Nh4 d4 13. Nc4 b5 14. Nxd6 Qxd6 15. e5
fxe5 16. Nf3 Ng6 17. h4 e4 18. Qxe4 Nb4 19. Qe2 Bc6 20. Ng5 Bxg2 21. Kxg2 h6
22. Ne4 Qc7 23. a3 Nd5 24. Bd2 Nge7 1/2-1/2

[Event "ODJM A 2016"]
[Site "Willingen GER"]
[Date "2016.05.20"]
[Round "8"]
[White "Wagner, Robert"]
[Black "Dietz, Florian"]
[Result "1-0"]
[Termination "normal"]
[Board "14"]
[WhiteElo "2009"]
[BlackElo "1803"]
[PlyCount "69"]
[WhiteFideId "24656879"]
[BlackFideId "12939897"]
[EventCountry "GER"]
[EventRounds "9"]
[EventType "swiss"]
[EventDate "2016.05.14"]

1. d4 Nf6 2. c4 c5 3. d5 b5 4. Nd2 Qa5 5. Qc2 d6 6. e4 g6 7. Ne2 Bg7 8. cxb5 a6
9. Nc3 axb5 10. Bxb5+ Bd7 11. Nc4 Qc7 12. O-O O-O 13. a4 Na6 14. Bf4 Nb4 15.
Qd2 Rfb8 16. e5 Ne8 17. Rae1 dxe5 18. Nxe5 Bxb5 19. Nxb5 Qd8 20. Nc3 Nc7 21.
Rd1 h5 22. Rfe1 g5 23. Bxg5 f6 24. Bh6 fxe5 25. Bxg7 Kxg7 26. Rxe5 Ne8 27. Rde1
Rb7 28. R1e3 Nf6 29. Rg3+ Kf7 30. Ne4 Nxe4 31. Rxe4 Nxd5 32. Rf4+ Nf6 33. Qc2
Rxb2 34. Qg6+ Kf8 35. Qg8# 1-0

[Event "ODJM A 2016"]
[Site "Willingen GER"]
[Date "2016.05.20"]
[Round "8"]
[White "Buhr, Patrick"]
[Black "Hartmann, Jakob"]
[Result "1/2-1/2"]
[Termination "normal"]
[Board "15"]
[WhiteElo "1744"]
[BlackElo "1983"]
[PlyCount "59"]
[WhiteFideId "16206436"]
[BlackFideId "12918067"]
[EventCountry "GER"]
[EventRounds "9"]
[EventType "swiss"]
[EventDate "2016.05.14"]

1. c4 b6 2. g3 Bb7 3. Nf3 c5 4. Bg2 Nf6 5. O-O d6 6. d4 cxd4 7. Qxd4 g6 8. Nc3
Bg7 9. Rd1 O-O 10. Qh4 Re8 11. Bh6 Bh8 12. Rac1 Nbd7 13. b3 Rc8 14. Bg5 Qc7 15.
Nd5 Qb8 16. Bh3 Bxd5 17. cxd5 Rxc1 18. Bxc1 Qb7 19. Bb2 Nc5 20. Ng5 Bg7 21. b4
Na4 22. Bxf6 exf6 23. Qxh7+ Kf8 24. Ne6+ fxe6 25. Bxe6 Rxe6 26. dxe6 Qe7 27.
Qxg6 Qxe6 28. Qd3 Ke7 29. Qa6 Qd7 30. f3 1/2-1/2

[Event "ODJM A 2016"]
[Site "Willingen GER"]
[Date "2016.05.20"]
[Round "8"]
[White "Schimnatkowski, Lukas"]
[Black "Udaykumar, Arunn Mark"]
[Result "0-1"]
[Termination "normal"]
[Board "16"]
[WhiteElo "1978"]
[BlackElo "1724"]
[PlyCount "106"]
[WhiteFideId "12936723"]
[BlackFideId "12965456"]
[EventCountry "GER"]
[EventRounds "9"]
[EventType "swiss"]
[EventDate "2016.05.14"]

1. e4 e5 2. d4 exd4 3. Nf3 Nc6 4. Bc4 Nf6 5. O-O Bc5 6. e5 d5 7. Bb5 Ne4 8.
Nxd4 Bd7 9. Bxc6 bxc6 10. f3 Ng5 11. f4 Ne4 12. Be3 Qe7 13. Nd2 Nxd2 14. Qxd2
O-O 15. c3 f6 16. Nb3 Bb6 17. Rae1 Rae8 18. e6 Bc8 19. f5 Qd6 20. Kh1 c5 21.
Bf4 Qc6 22. Rf3 Bb7 23. Rg3 Re7 24. Qd1 a5 25. Qh5 d4 26. Rg1 Kh8 27. Nd2 dxc3
28. bxc3 c4 29. Re1 Bf2 30. Re2 Bxg3 31. hxg3 Qd5 32. Qh3 Qd3 33. Re1 Qxc3 34.
Kh2 Rd8 35. Rb1 Bc6 36. Qh5 Qc2 37. Re1 Rxd2 38. Bxd2 Qxd2 39. Re2 Qh6 40. g4
Qxh5+ 41. gxh5 g6 42. hxg6 hxg6 43. g4 Bf3 44. Rd2 Bxg4 45. Rd7 Re8 46. fxg6
Bxe6 47. Rxc7 Rc8 48. Rh7+ Kg8 49. Kg3 c3 50. Rh1 Bxa2 51. Kf4 c2 52. Rc1 Kg7
53. Kf5 Rc5+ 0-1

[Event "ODJM A 2016"]
[Site "Willingen GER"]
[Date "2016.05.20"]
[Round "8"]
[White "Weber, Jannis"]
[Black "Wanner, Lukas"]
[Result "0-1"]
[Termination "normal"]
[Board "17"]
[WhiteElo "1865"]
[BlackElo "2004"]
[PlyCount "78"]
[WhiteFideId "12990760"]
[BlackFideId "12918148"]
[EventCountry "GER"]
[EventRounds "9"]
[EventType "swiss"]
[EventDate "2016.05.14"]

1. e4 c5 2. d4 cxd4 3. c3 dxc3 4. Nxc3 Nc6 5. Nf3 a6 6. Bc4 e6 7. Qe2 Nge7 8.
O-O b5 9. Bb3 Ng6 10. Be3 Na5 11. Rfd1 Nxb3 12. axb3 Bb7 13. Bd4 f6 14. Qe3 Bd6
15. h4 Bf4 16. Qd3 O-O 17. h5 Ne7 18. Bc5 Bc6 19. Ne2 Bc7 20. Ned4 Rf7 21. Rac1
Bb7 22. b4 Nc6 23. Qb3 Qe8 24. Rc3 Rc8 25. Rcd3 Ne5 26. Nxe5 fxe5 27. Nf3 Bxe4
28. Re3 Bd5 29. Rxd5 exd5 30. Qxd5 d6 31. Bxd6 Bxd6 32. Ng5 Bb8 33. Rf3 Rc1+
34. Kh2 e4+ 35. g3 exf3 36. Nxf7 Rh1+ 37. Kxh1 Qe1+ 38. Kh2 Qxf2+ 39. Kh3 Qxg3#
0-1

[Event "ODJM A 2016"]
[Site "Willingen GER"]
[Date "2016.05.20"]
[Round "8"]
[White "Zahn, Benno"]
[Black "Schilay, Lorenz"]
[Result "1-0"]
[Termination "normal"]
[Board "18"]
[WhiteElo "2106"]
[BlackElo "1762"]
[PlyCount "89"]
[WhiteFideId "24636070"]
[BlackFideId "12930180"]
[EventCountry "GER"]
[EventRounds "9"]
[EventType "swiss"]
[EventDate "2016.05.14"]

1. e4 e5 2. Nf3 Nc6 3. Bb5 a6 4. Ba4 f5 5. d3 fxe4 6. dxe4 Nf6 7. Bg5 d6 8. c3
Be7 9. Nbd2 O-O 10. h3 Be6 11. Bb3 Qd7 12. Be3 Na5 13. Bxe6+ Qxe6 14. Ng5 Qd7
15. b4 Nc6 16. O-O h6 17. Ngf3 Qe8 18. Re1 Nh5 19. Nh2 Nf4 20. Bxf4 Rxf4 21.
Ndf1 Qg6 22. Nf3 Kh7 23. Ng3 Rf7 24. Nf5 Rd8 25. Qd5 Qf6 26. Nh2 h5 27. Re3 Nb8
28. Rf3 c6 29. Qb3 d5 30. Nh6 Kxh6 31. Rxf6+ Rxf6 32. Nf3 Rfd6 33. Re1 a5 34.
exd5 Rxd5 35. Qc2 axb4 36. cxb4 Na6 37. a3 Nc7 38. Qf5 Rd1 39. g4 Rxe1+ 40.
Nxe1 hxg4 41. hxg4 Bg5 42. Nf3 Rd1+ 43. Kg2 Ne6 44. Qxe6+ g6 45. Nxe5 1-0

[Event "ODJM A 2016"]
[Site "Willingen GER"]
[Date "2016.05.20"]
[Round "8"]
[White "Beesk, Kevin"]
[Black "Wastian, Jan"]
[Result "1/2-1/2"]
[Termination "normal"]
[Board "19"]
[WhiteElo "1961"]
[BlackElo "1798"]
[PlyCount "48"]
[WhiteFideId "1271882"]
[BlackFideId "12911640"]
[EventCountry "GER"]
[EventRounds "9"]
[EventType "swiss"]
[EventDate "2016.05.14"]

1. e4 c6 2. Nc3 d5 3. g3 dxe4 4. Nxe4 e5 5. Bg2 f5 6. Nc3 Nf6 7. Qe2 Bd6 8. d3
O-O 9. Nf3 Nbd7 10. O-O Re8 11. Re1 Nb6 12. Bd2 Nbd5 13. a3 b6 14. Nxd5 cxd5
15. c4 Bb7 16. Rad1 dxc4 17. dxc4 Qc7 18. b4 a5 19. Rb1 axb4 20. Bxb4 Ne4 21.
Qc2 Ra7 22. Nd2 Bxb4 23. Rxb4 Nxd2 24. Bxb7 Qxb7 1/2-1/2

[Event "ODJM A 2016"]
[Site "Willingen GER"]
[Date "2016.05.20"]
[Round "8"]
[White "Kornitzky, Tino"]
[Black "Lüßmann, Thomas"]
[Result "1-0"]
[Termination "normal"]
[Board "20"]
[WhiteElo "1812"]
[BlackElo "1915"]
[PlyCount "47"]
[WhiteFideId "12970379"]
[BlackFideId "1270602"]
[EventCountry "GER"]
[EventRounds "9"]
[EventType "swiss"]
[EventDate "2016.05.14"]

1. d4 d5 2. c4 e6 3. g3 Nf6 4. Bg2 Be7 5. Nf3 O-O 6. O-O c5 7. cxd5 Nxd5 8. e4
Nb4 9. a3 N4a6 10. Nc3 b6 11. Be3 Bb7 12. Qc2 cxd4 13. Nxd4 Nc6 14. Rfd1 Nxd4
15. Bxd4 Qc8 16. Rac1 Bc5 17. Qe2 Rd8 18. Na4 Qc6 19. Nxc5 bxc5 20. Qg4 g6 21.
Bc3 Nc7 22. Qg5 Rxd1+ 23. Rxd1 Ne8 24. Qe7 1-0

[Event "ODJM A 2016"]
[Site "Willingen GER"]
[Date "2016.05.20"]
[Round "8"]
[White "Lohrmann, Tabea"]
[Black "Ortmeier, Leonhard"]
[Result "1/2-1/2"]
[Termination "normal"]
[Board "21"]
[WhiteElo "1649"]
[BlackElo "1896"]
[PlyCount "71"]
[WhiteFideId "12911941"]
[BlackFideId "12993662"]
[EventCountry "GER"]
[EventRounds "9"]
[EventType "swiss"]
[EventDate "2016.05.14"]

1. e4 c5 2. Nf3 Nc6 3. d4 cxd4 4. Nxd4 e5 5. Nb5 a6 6. Nd6+ Bxd6 7. Qxd6 Qf6 8.
Qxf6 Nxf6 9. Nc3 d5 10. Nxd5 Nxd5 11. exd5 Nb4 12. Bd3 Nxd3+ 13. cxd3 Bf5 14.
O-O O-O 15. Re1 f6 16. f4 Rad8 17. fxe5 Rxd5 18. exf6 Rxf6 19. Bg5 Rfd6 20.
Rac1 h6 21. Bf4 Rd7 22. Re5 Rxe5 23. Bxe5 Rxd3 24. Bc3 Be4 25. Re1 Bc6 26. Re7
Rd7 27. Rxd7 Bxd7 28. Kf2 Kf7 29. Ke3 g6 30. g3 Bf5 31. a3 Ke6 32. Kd4 h5 33.
h4 Kd6 34. Kc4 Be4 35. b4 Bc6 36. Kd4 1/2-1/2

[Event "ODJM A 2016"]
[Site "Willingen GER"]
[Date "2016.05.20"]
[Round "8"]
[White "Schmidt, Daniel"]
[Black "Petersen, Finn Christopher"]
[Result "1-0"]
[Termination "normal"]
[Board "22"]
[WhiteElo "1861"]
[BlackElo "1675"]
[PlyCount "41"]
[WhiteFideId "12957950"]
[BlackFideId "12964840"]
[EventCountry "GER"]
[EventRounds "9"]
[EventType "swiss"]
[EventDate "2016.05.14"]

1. c4 Nf6 2. d4 g6 3. Nf3 Bg7 4. g3 d6 5. Bg2 O-O 6. O-O Nc6 7. Nc3 e5 8. dxe5
Nxe5 9. Nxe5 dxe5 10. Bg5 Qxd1 11. Raxd1 h6 12. Be3 c6 13. h3 Be6 14. b3 Nd7
15. Ne4 Nb6 16. Nd6 Rab8 17. a4 Bf5 18. Rd2 Rfd8 19. g4 Bc2 20. Rxc2 Rxd6 21.
c5 1-0

[Event "ODJM A 2016"]
[Site "Willingen GER"]
[Date "2016.05.20"]
[Round "8"]
[White "Zeuner, Ole"]
[Black "Lutter, Maximilian"]
[Result "1/2-1/2"]
[Termination "normal"]
[Board "23"]
[WhiteElo "1567"]
[BlackElo "1896"]
[PlyCount "83"]
[WhiteFideId "12943576"]
[BlackFideId "12934402"]
[EventCountry "GER"]
[EventRounds "9"]
[EventType "swiss"]
[EventDate "2016.05.14"]

1. e4 c5 2. Nf3 e6 3. d4 cxd4 4. Nxd4 Nc6 5. Be3 Nf6 6. Bd3 d5 7. exd5 Nxd5 8.
Nxc6 bxc6 9. Bd2 Be7 10. O-O O-O 11. Nc3 Qc7 12. Qh5 Nf6 13. Qf3 Bb7 14. Ne4 c5
15. Nxf6+ Bxf6 16. Qh3 g6 17. Rab1 Rfd8 18. Rfd1 c4 19. Be2 Be4 20. Qa3 Qc6 21.
Bf3 Bxf3 22. Qxf3 Qxf3 23. gxf3 Rd5 24. Bc3 Kg7 25. Rxd5 exd5 26. Bxf6+ Kxf6
27. Rd1 Ke5 28. c3 Rb8 29. Rd2 a5 30. Kg2 a4 31. a3 g5 32. Kg3 f5 33. Re2+ Kf6
34. f4 h6 35. f3 Rb6 36. fxg5+ hxg5 37. h4 gxh4+ 38. Kxh4 Rb8 39. Kg3 Rh8 40.
f4 Rh1 41. Rd2 Ke6 42. Kf3 1/2-1/2